| 000 | 00714nam a2200181Ia 4500 | ||
|---|---|---|---|
| 999 |
_c4358 _d4358 |
||
| 020 | _a053457727X | ||
| 022 | _a9780534577278 | ||
| 050 |
_aBF201 _b.G65 |
||
| 100 | 1 | _aGoldstein, E. Bruce, | |
| 245 | 1 | 0 |
_aConcept maps and CogLab online manual for Goldstein's Cognitive psychology : _bconnecting mind, research and everyday experience / _cconcept maps by E. Bruce Goldstein, concept maps designed by Randall Baker, CogLab material created by Angie MacKewn. |
| 260 |
_aBelmont, Calif. : _b Thomson Wadsworth, _c 2005. |
||
| 300 |
_a254 pages : _billustrations ; _c24 cm. |
||
| 650 | 0 | _aCognitive psychology. | |
| 700 | 1 | _aBaker, Randall. | |
| 700 | 1 | _aMacKewn, Angie. | |
| 700 | 1 | _aGoldstein, E. Bruce, | |
| 942 | _cBK | ||